Statistics for Will Ferrell Quotes

Click here to take the quiz!

General Stats

  • This quiz has been taken 4,218 times
  • The average score is 9 of 15

Answer Stats

MovieQuote% Correct
Talladega NightsIf you ain't first, you're {last}!
95%
Talladega Nights{Shake} and bake
92%
AnchormanI don't know how to put this but I'm kind of a {big} {deal}
88%
AnchormanYou stay {classy}, San Diego
87%
Talladega NightsDear Lord Baby Jesus, I want to thank you for this wonderful meal, my two beautiful sons,
Walker and {Texas} {Ranger}, and my red-hot smokin' wife, Carley
66%
Old SchoolYou're my boy, {Blue}
65%
Old SchoolWe're going {streaking}! We're going up the quad and to the gymnasium.
64%
Step BrothersAnd here's the thing, it would give us so much extra space in our room to do {activities}
63%
AnchormanI'm in a glass case of {emotion}
57%
AnchormanIt's so damn hot... {milk} was a bad choice.
57%
ElfWe elves try to stick to the four main food groups: candy,
candy canes, candy corns and {syrup}
53%
Old SchoolFill it up again. It's so good. Once it hits your {lips}, it's so good!
42%
ZoolanderI feel like I'm taking {crazy} pills!
38%
The Other GuysAnd guess what, you've wandered into our school of {tuna} and we now have a taste of lion
35%
Wedding Crashers{Grief} is nature's most powerful aphrodisiac.
21%

Score Distribution

Percentile by Number Answered

Percent of People with Each Score

Your Score History

You have not taken this quiz